000 00267nam a2200109Ia 4500
008 220204s9999 xx 000 0 und d
082 _a032
_bNAT
100 _aB
245 0 _aIssues and personalities in seventh elections
260 _aDelhi
_bVarma
_c1979
942 _cBK
999 _c34082
_d34082